000 00720nas a2200253 4500
001 BR0404019
003 BR-BrBNA
005 20231205104754.0
007 ta
008 230509b bl.|||p| |||| 00| 00por d
040 _aBR-BrBNA
_bpor
_cBiblioteca Nacional de Agricultura
041 _a(En)
072 _aH10
100 1 _aOliveira, V.T.P. de
100 1 _aCruz-Landim, C. da
245 1 _aMorphology and function or insect fat body cells: a review
650 _aINSETO
650 _aLIPOGENESE
650 _aCÉLULA
650 _aBIOLOGIA
773 0 _tBiociências (Brazil)
_xISSN 0104-3455
_g(Dec 2003), v. 11(2) p. 195-205
_wBR0404019
909 _a202311
_bLúcia
_c55
_dLúcia Elande
942 _2AGRIS
_n0
_cANA
999 _c179634
_d179634